00521cam a2200145 a 4500020001500000040001200015082002600027245010100053260008200154300003500236650001000271650001100281700002000292710006300312 a0949511234 cArU-Mon a583 AUS 1986 A032 Or.00aMultipurpose Australian trees and shrubs :blesser-known species for fuelwood and agroforestry / aCanberra :bAustralian Centre for International Agricultural Research,c1986. a316 p. :bill., maps ;c25 cm. 0aTrees 0aShrubs1 aTurnbull, J. W.2 aAustralian Centre for International Agricultural Research.